000 00432nam a2200181 i 4500
001 bg
100 1 _aBAŃKOWSKI, Jacek
245 0 _aWprowadzenie do informatyki /
_cJ. Bańkowski, K. Fiałkowski.
250 _aWyd.2.
260 _aWarszawa,
_c1980.
510 _a20
700 1 _aFIAŁKOWSKI, Konrad
040 _cBPK
041 _apol
080 _a681.3(075.8)
942 _cKS
008 s pl f |000 0 pol
999 _c1508
_d1508
856 _uhttp://koha.tu.koszalin.pl/cgi-bin/koha/opac-detail.pl?biblionumber=1508
_yKatalog online BPK